La Negociación del TLC entre Centroamérica y Estados Unidos /

محفوظ في:
التفاصيل البيبلوغرافية
المؤلف الرئيسي: González Campabadal, Anabel
التنسيق: نص
الوسوم: إضافة وسم
لا توجد وسوم, كن أول من يضع وسما على هذه التسجيلة!

MARC

LEADER 00000 a a2200000 04500
001 8237
003
040
100 |a González Campabadal, Anabel  
245 |a La Negociación del TLC entre Centroamérica y Estados Unidos /  |c Anabel González Campabadal 
773 |g volumen 6, número 4; páginas 18-19  
999 |c 23495  |d 23495